Les célébrités d'afrique et leur nationalité-Quiz - Statistiques

Statistiques générales
  • Ce quiz a été pris 16 fois
    12 depuis la dernière actualisation
  • Le résultat moyen est 6 sur 16
Statistiques - réponses
Par images Réponse % Correct
Maitre gims du congo
83%
Dadju du congo
67%
Yemi Alade du Nigeria
67%
Angelique kidjo du benin
50%
Axel merryl du benin
50%
Davido du nigeria
50%
Sadio mane du senegal
50%
Youssoupha du congo
50%
Didier Drogba de cote d'ivoire
33%
Kim Makosso
33%
Samuel Eto'o du cameroun
33%
Toofan du togo
33%
Ayra starr du nigeria
17%
Khalil de cote d'ivoire
17%
Mariam de guinee
0%
Santrinos Raphaël du togo
0%
Aucun quiz correspondant
Distribution des résultats
% des personnes avec chaque résultat
Percentile par nombre de réponses
Votre historique - résultats
Vous n’avez pas pris ce quiz depuis la dernière actualisation